书目信息 |
| 题名: |
电石生产管理与技术
|
|
| 作者: | 江军 主编 | |
| 分册: | ||
| 出版信息: | 北京 化学工业出版社 2021.6 |
|
| 页数: | 371页 | |
| 开本: | 26cm | |
| 丛书名: | ||
| 单 册: | ||
| 中图分类: | TQ161 | |
| 科图分类: | ||
| 主题词: | 碳化钙--化工生产--文集 | |
| 电子资源: | ||
| ISBN: | 978-7-122-38772-1 | |
| 000 | 00857nam0 2200229 45 | |
| 001 | 012001000353 | |
| 005 | 20140911133916.0 | |
| 010 | @a978-7-122-38772-1@dCNY168.00 | |
| 100 | @a20210629d2021 em y0chiy50 ea | |
| 101 | 0 | @achi |
| 102 | @aCN@b110000 | |
| 105 | @aa z 000yy | |
| 106 | @ar | |
| 200 | 1 | @a电石生产管理与技术@Adian shi sheng chan guan li yu ji shu@b专著@e新疆中泰矿冶有限公司电石生产论文集@f江军主编 |
| 210 | @a北京@c化学工业出版社@d2021.6 | |
| 215 | @a371页@c图@d26cm | |
| 330 | @a本书是对新疆中泰矿冶有限公司在电石生产、运营、管理、创新等方面经验的总结,约100余篇论文,包含企业党建、安全管理、电石生产工艺、原材料生产、电气自控、公用工程、质量检测、设备检维修等内容。 | |
| 606 | 0 | @a碳化钙@x化工生产@j文集 |
| 690 | @aTQ161@v5 | |
| 701 | 0 | @a江军@Ajiang jun@4主编 |
| 801 | 0 | @aCN@bBJSDL@c20211011 |
| 905 | @b1331300-3@dTQ161@e6@f4 | |
| 电石生产管理与技术:新疆中泰矿冶有限公司电石生产论文集/江军主编.-北京:化学工业出版社,2021.6 |
| 371页:图;26cm |
| ISBN 978-7-122-38772-1:CNY168.00 |
| 本书是对新疆中泰矿冶有限公司在电石生产、运营、管理、创新等方面经验的总结,约100余篇论文,包含企业党建、安全管理、电石生产工艺、原材料生产、电气自控、公用工程、质量检测、设备检维修等内容。 |
| ● |
| 相关链接 |
|
|
|
|
正题名:电石生产管理与技术
索取号:TQ161/6
 
预约/预借
| 序号 | 登录号 | 条形码 | 馆藏地/架位号 | 状态 | 备注 |
| 1 | 1331300 | 213313001 | 第二样本阅览室/ [索取号:TQ161/6] | 在馆 | |
| 2 | 1331301 | 213313010 | 第三借阅区/ [索取号:TQ161/6] | 在馆 | |
| 3 | 1331302 | 213313029 | 第三借阅区/ [索取号:TQ161/6] | 在馆 | |
| 4 | 1331303 | 213313038 | 第三借阅区/ [索取号:TQ161/6] | 在馆 |